Score 0/15 Timer 01:00
3 Plays Today
% Correct
Willow
95.3%
Birch
95.2%
Elm
94.9%
Sycamore
93.3%
Cypress
91.4%
Eucalyptus
90.7%
Poplar
87%
Aspen
85.1%
% Correct
Teak
80.6%
Yew
80.5%
Acacia
78.5%
Baobab
65.5%
Larch
60.6%
Jacaranda
52%
Kauri
23.9%

Today's Daily Dose

Word Ladder
I Have a Dream

Get the Picture
January Holidays

Remove Ads.
Support Sporcle.
Get the best of Sporcle when you Go Orange. This ad-free experience offers more features, more stats, and more fun while also helping to support Sporcle. Thank you for becoming a member.

You're not logged in!

Compare scores with friends on all Sporcle quizzes.
OR
Log In

Show Comments

Extras

Top Quizzes Today


Score Distribution

Your Account Isn't Verified!

In order to create a playlist on Sporcle, you need to verify the email address you used during registration. Go to your Sporcle Settings to finish the process.

Report this User

Report this user for behavior that violates our Community Guidelines.

Details: